00306pab a2200121 454500008004000000100001600040245003900056260000900095300001000104362001100114650004400125773001500169180718b1985 xxu||||| |||| 00| 0 eng d aRaghavan, C aTaks for Third World Trade meeting c1985 a15-17 a11 May aForeign Commerce - Underdeveloped Areas aMainstream